[Event "Catalan-ch U10/20"]
[Site "Tarragona"]
[Date "2022.04.14"]
[Round "9"]
[White "Lopez Pajuelo, Sergi"]
[Black "Torrents Busquet, Marti"]
[Result "1/2-1/2"]
[WhiteElo "2060"]
[BlackElo "1915"]
[PlyCount "102"]
[EventDate "2022.04.09"]
[EventType "swiss"]
[EventRounds "9"]
[EventCountry "ESP"]
[SourceTitle "EXT 2023"]
[Source "ChessBase"]
[SourceDate "2022.10.05"]
[SourceVersion "1"]
[SourceVersionDate "2022.10.05"]
[SourceQuality "1"]

1. d4 d6 2. c4 e5 3. d5 f5 4. Nc3 Nf6 5. e3 Be7 6. Bd3 Na6 7. Qc2 0-0 8. a3 Nc5 9. Be2 a5 10. Bd2 a4 11. 0-0-0 f4 12. e4 c6 13. f3 cxd5 14. exd5 Nfd7 15. Ne4 b5 16. cxb5 Bb7 17. Bc3 Nb3+ 18. Kb1 Nb6 19. h4 Rc8 20. Ng5 Bxg5 21. hxg5 g6 22. Bd3 Nd4 23. Qf2 Nxd5 24. Bxd4 exd4 25. Qxd4 Qb6 26. Bc4 Qxd4 27. Rxd4 Rc5 28. Ne2 Kg7 29. Bxd5 Rxd5 30. Rxd5 Bxd5 31. Nd4 Bc4 32. Rc1 Bd3+ 33. Ka1 Rb8 34. Rc7+ Kg8 35. Rc6 Bxb5 36. Rxd6 Bf1 37. Rf6 Rc8 38. Kb1 Bd3+ 39. Ka2 Bc4+ 40. Kb1 Bd3+ 41. Ka2 Bc4+ 42. Ka1 Bd3 43. b4 axb3 44. Nxb3 Rc3 45. Nd4 Rxa3+ 46. Kb2 Ra5 47. Ne6 Rf5 48. Kc3 Rxf6 49. gxf6 Bf5 50. Nxf4 Kf7 51. g4 Bxg4 1/2-1/2

[Event "Catalan-ch U10/20"]
[Site "Tarragona"]
[Date "2022.04.09"]
[Round "1"]
[White "Lopez Pajuelo, Sergi"]
[Black "Juanico Rull, Guillem"]
[Result "1-0"]
[WhiteElo "2060"]
[BlackElo "1674"]
[PlyCount "65"]
[EventDate "2022.04.09"]
[EventType "swiss"]
[EventRounds "9"]
[EventCountry "ESP"]
[SourceTitle "EXT 2023"]
[Source "ChessBase"]
[SourceDate "2022.10.05"]
[SourceVersion "1"]
[SourceVersionDate "2022.10.05"]
[SourceQuality "1"]

1. d4 Nf6 2. c4 e6 3. Nc3 Bb4 4. a3 Bxc3+ 5. bxc3 d5 6. e3 0-0 7. cxd5 exd5 8. Bd3 c5 9. Ne2 Nc6 10. 0-0 Qc7 11. f3 Rd8 12. Ng3 Ne7 13. Bb2 h5 14. e4 h4 15. Nh1 dxe4 16. fxe4 Ng4 17. e5 Ne3 18. Qh5 g6 19. Qg5 Nxf1 20. Rxf1 h3 21. Ng3 hxg2 22. Rf4 Nc6 23. Rh4 Nxe5 24. Qf6 Nf3+ 25. Qxf3 Qe7 26. Re4 Be6 27. Bc4 Qd7 28. d5 Bh3 29. d6 Re8 30. Qf6 Rxe4 31. Nxe4 Re8 32. Qxg6+ Kh8 33. Qh6+ 1-0

[Event "Llinars del Valles op-A 13th"]
[Site "Llinars del Valles"]
[Date "2019.06.01"]
[Round "6"]
[White "Campo Echevarria, Juan Francisco"]
[Black "Lopez Pajuelo, Sergi"]
[Result "1-0"]
[WhiteElo "2071"]
[BlackElo "1959"]
[PlyCount "141"]
[EventDate "2019.03.30"]
[EventType "swiss"]
[EventRounds "8"]
[EventCountry "ESP"]
[SourceTitle "EXT 2020"]
[Source "ChessBase"]
[SourceDate "2019.10.17"]
[SourceVersion "1"]
[SourceVersionDate "2019.10.17"]
[SourceQuality "1"]

1. e4 e6 2. d4 d5 3. exd5 exd5 4. Nf3 Bd6 5. c4 Nf6 6. c5 Be7 7. Bd3 Bg4 8. 0-0 0-0 9. h3 Bh5 10. Be3 Nc6 11. Nbd2 Bg6 12. Bxg6 hxg6 13. b4 a6 14. Qb3 Ne4 15. a4 Bf6 16. Rad1 Re8 17. Nb1 Qd7 18. Nc3 Nxc3 19. Qxc3 Ne7 20. Bf4 Nf5 21. Rfe1 Re4 22. Rxe4 dxe4 23. Ne5 Bxe5 24. Bxe5 Qxa4 25. Re1 Qc6 26. Qc4 Rd8 27. d5 Qxd5 28. Qxd5 Rxd5 29. Rxe4 c6 30. g4 Nh4 31. Bg3 Rd1+ 32. Kh2 Nf3+ 33. Kg2 Ne1+ 34. Kh2 Nc2 35. Re8+ Kh7 36. Re7 Nxb4 37. Rxb7 a5 38. Rxf7 Rd5 39. Bd6 Nd3 40. Rc7 Nxc5 41. Rxc6 Nb3 42. Ra6 Rd2 43. Kg3 a4 44. Be7 Ra2 45. Ra7 Kg8 46. Bb4 Nd4 47. Rd7 Nc2 48. Bc3 Ra3 49. Rxg7+ Kf8 50. Rc7 Nb4 51. f3 Nd5 52. Bg7+ Kg8 53. Ra7 Nb6 54. Bd4 Nc4 55. Rg7+ Kf8 56. Rc7 Nd6 57. Bc5 Rd3 58. Rd7 Rd5 59. Bxd6+ Ke8 60. Re7+ Kd8 61. Bb4 Rb5 62. Re4 Kd7 63. h4 Kc6 64. Ba3 Ra5 65. h5 gxh5 66. gxh5 Rxh5 67. Rxa4 Kd7 68. Re4 Ra5 69. Bc1 Ra6 70. Kg4 Rg6+ 71. Bg5 1-0

[Event "Roncana op-A 12th"]
[Site "Santa Eulalia de Roncana"]
[Date "2018.11.17"]
[Round "7"]
[White "Mas Recorda, Pere"]
[Black "Lopez Pajuelo, Sergi"]
[Result "1/2-1/2"]
[WhiteElo "1987"]
[BlackElo "1867"]
[PlyCount "96"]
[EventDate "2018.09.29"]
[EventType "swiss"]
[EventRounds "8"]
[EventCountry "ESP"]
[SourceTitle "CBM 187 Extra"]
[Source "ChessBase"]
[SourceDate "2018.11.04"]
[SourceVersion "1"]
[SourceVersionDate "2018.11.04"]
[SourceQuality "1"]

1. d4 d5 2. c4 c6 3. Nc3 Nf6 4. Bg5 e6 5. e3 Be7 6. Nf3 Nbd7 7. cxd5 Nxd5 8. Bxe7 Qxe7 9. Rc1 0-0 10. Be2 N7f6 11. 0-0 Rd8 12. Qc2 Nxc3 13. Qxc3 Nd5 14. Qc2 Bd7 15. a3 Rac8 16. Ne5 Be8 17. Rfd1 f6 18. Nf3 Bg6 19. Bd3 Bxd3 20. Qxd3 Nb6 21. b4 Rd7 22. Qb3 Rcd8 23. Rd2 Nc8 24. Rcd1 Nd6 25. Rd3 Ne4 26. Ne1 Qf7 27. f3 Nd6 28. e4 Nb5 29. Nc2 e5 30. d5 cxd5 31. exd5 Rc8 32. a4 Nd6 33. Ne3 Rdc7 34. b5 b6 35. Qb4 Rc5 36. Qh4 Qc7 37. Qg4 Re8 38. Nf5 Nxf5 39. Qxf5 Qd6 40. Qg4 Rc2 41. h3 Qc5+ 42. Kh2 Qd6 43. Kh1 Rc5 44. R3d2 Rd8 45. Qb4 Rc7 46. Qg4 Rc5 47. Qb4 Rc7 48. Qg4 Rc5 1/2-1/2

[Event "Roncana op-A 12th"]
[Site "Santa Eulalia de Roncana"]
[Date "2018.10.20"]
[Round "3"]
[White "Lopez Pajuelo, Sergi"]
[Black "Lopez Agustench, Eduard"]
[Result "1/2-1/2"]
[WhiteElo "1867"]
[BlackElo "2236"]
[PlyCount "140"]
[EventDate "2018.09.29"]
[EventType "swiss"]
[EventRounds "8"]
[EventCountry "ESP"]
[SourceTitle "CBM 187 Extra"]
[Source "ChessBase"]
[SourceDate "2018.11.04"]
[SourceVersion "1"]
[SourceVersionDate "2018.11.04"]
[SourceQuality "1"]

1. d4 Nf6 2. c4 c5 3. d5 e5 4. Bg5 d6 5. Nc3 Be7 6. Bxf6 Bxf6 7. e4 Na6 8. Be2 Nc7 9. Nf3 Bd7 10. Nd2 Bg5 11. Qc2 a6 12. a4 b6 13. 0-0 0-0 14. Bd3 g6 15. Ne2 Bh6 16. f4 exf4 17. Nxf4 Qe7 18. Rae1 Ne8 19. g3 Nf6 20. Nf3 Ng4 21. b3 Bg7 22. Qe2 Ne5 23. Nxe5 Qxe5 24. Bc2 Rae8 25. Kh1 Qg5 26. Qf3 b5 27. axb5 axb5 28. Nd3 b4 29. Qf4 Qe7 30. e5 Bxe5 31. Nxe5 dxe5 32. Qf6 Qxf6 33. Rxf6 Kg7 34. Ra6 f6 35. Ra7 Rf7 36. Rea1 Rc8 37. Rb7 f5 38. Raa7 Be8 39. Re7 e4 40. Rxf7+ Bxf7 41. Re7 Kf6 42. Ra7 h5 43. Kg2 Be8 44. Kf2 h4 45. Ke3 hxg3 46. hxg3 Bf7 47. Kf4 g5+ 48. Ke3 Rh8 49. Ra6+ Ke5 50. Ra7 f4+ 51. gxf4+ gxf4+ 52. Kd2 e3+ 53. Kc1 Be8 54. Re7+ Kd6 55. Re6+ Kd7 56. Bf5 Kc7 57. Re7+ Kb6 58. Re6+ Ka5 59. d6 Bd7 60. Re5 Rd8 61. Bxd7 Rxd7 62. Rxc5+ Kb6 63. Rf5 Kc6 64. Rxf4 Rxd6 65. Re4 Rd3 66. Kc2 Rc3+ 67. Kb2 Kc5 68. Rh4 Kc6 69. Re4 Kd6 70. Re8 Kd7 1/2-1/2

[Event "Barbera del Valles op 40th"]
[Site "Barbera del Valles"]
[Date "2017.07.10"]
[Round "7"]
[White "Lopez Pajuelo, Sergi"]
[Black "Ros Alonso, Joana"]
[Result "1-0"]
[WhiteElo "1947"]
[BlackElo "1966"]
[PlyCount "133"]
[EventDate "2017.07.04"]
[EventType "swiss"]
[EventRounds "9"]
[EventCountry "ESP"]
[SourceTitle "EXT 2018"]
[Source "ChessBase"]
[SourceDate "2017.10.13"]
[SourceVersion "1"]
[SourceVersionDate "2017.10.13"]
[SourceQuality "1"]

1. d4 Nf6 2. c4 g6 3. Nc3 d5 4. Bf4 Bg7 5. e3 0-0 6. Nf3 c5 7. dxc5 Qa5 8. Rc1 dxc4 9. Bxc4 Qxc5 10. Qd4 Qa5 11. Qe5 Nc6 12. Qxa5 Nxa5 13. Be2 Be6 14. 0-0 Rac8 15. Rfd1 Bc4 16. Ne5 Bxe2 17. Nxe2 Nh5 18. Nd7 Nxf4 19. Nxf4 Rxc1 20. Rxc1 Rd8 21. b4 Nc6 22. b5 Rxd7 23. bxc6 bxc6 24. g3 e5 25. Ne2 Rc7 26. Nc3 Bf8 27. Nd5 Rc8 28. Nf6+ Kg7 29. Nd7 f6 30. Rb1 Rc7 31. Nb8 c5 32. Na6 Rd7 33. Nb8 Rc7 34. Na6 Rc8 35. Rb7+ Kh6 36. Rc7 Rxc7 37. Nxc7 Kg7 38. Kf1 Kf7 39. Ke2 Bd6 40. Nb5 Bb8 41. Kd3 a6 42. Nc3 Ke6 43. Kc4 Ba7 44. Ne4 f5 45. Nxc5+ Kd6 46. Nxa6 f4 47. exf4 Bxf2 48. fxe5+ Kxe5 49. Nc5 Bg1 50. a4 Kd6 51. Ne4+ Ke5 52. Ng5 Kf5 53. Nf3 Ba7 54. Nd4+ Kg4 55. Nc6 Bf2 56. a5 Kf5 57. Kd5 h5 58. Nd4+ Kg4 59. a6 Bxg3 60. hxg3 Kxg3 61. a7 h4 62. a8Q h3 63. Ke5 Kh2 64. Qf3 g5 65. Ne2 g4 66. Qg3+ Kh1 67. Qg1# 1-0

[Event "Barbera del Valles op 40th"]
[Site "Barbera del Valles"]
[Date "2017.07.08"]
[Round "5"]
[White "Jul Perez, Alberto"]
[Black "Lopez Pajuelo, Sergi"]
[Result "1-0"]
[WhiteElo "2020"]
[BlackElo "1947"]
[PlyCount "165"]
[EventDate "2017.07.04"]
[EventType "swiss"]
[EventRounds "9"]
[EventCountry "ESP"]
[SourceTitle "EXT 2018"]
[Source "ChessBase"]
[SourceDate "2017.10.13"]
[SourceVersion "1"]
[SourceVersionDate "2017.10.13"]
[SourceQuality "1"]

1. e4 e6 2. d4 d5 3. Nc3 Bb4 4. e5 c5 5. a3 Bxc3+ 6. bxc3 Nc6 7. Qg4 Kf8 8. Nf3 Qa5 9. Bd2 Qa4 10. Ra2 c4 11. Be2 Nge7 12. 0-0 b5 13. Ng5 h6 14. Nh3 Rb8 15. Rfa1 Qa5 16. Qf4 Ng6 17. Qe3 Nce7 18. f4 Qc7 19. Bh5 a5 20. g4 Nc6 21. Bxg6 fxg6 22. Rf1 Kg8 23. Qf3 Qf7 24. Raa1 Bd7 25. Nf2 b4 26. Nd1 b3 27. cxb3 Rxb3 28. Ne3 Ne7 29. Rfb1 a4 30. Nc2 Kh7 31. Nb4 Ra8 32. Qd1 g5 33. Qc2+ Kg8 34. fxg5 Qf3 35. Qd1 Qh3 36. Qf1 Qxg4+ 37. Qg2 Qxg2+ 38. Kxg2 Nf5 39. gxh6 gxh6 40. Rg1 Kh7 41. Kf2 Rf8 42. Ke2 Bb5 43. Kd1 Nh4 44. Kc2 Rf2 45. Raf1 Rf3 46. Rxf3 Nxf3 47. Rf1 Nxd2 48. Kxd2 Rxa3 49. Rf7+ Kg8 50. Re7 Rb3 51. Rxe6 a3 52. Rb6 Be8 53. Rb8 Kf8 54. Ra8 Rb2+ 55. Ke3 Rxh2 56. Nxd5 a2 57. Nf6 Kf7 58. Nxe8 Rh3+ 59. Ke4 Rxc3 60. Nd6+ Ke7 61. Ra7+ Kd8 62. Rxa2 Rc1 63. Rh2 c3 64. Kd3 h5 65. Rxh5 c2 66. Kd2 Rd1+ 67. Kxc2 Rxd4 68. Kc3 Rd5 69. Kc4 Rd1 70. Nf5 Re1 71. Kd5 Ra1 72. Rh8+ Kc7 73. Ke6 Re1 74. Rh7+ Kd8 75. Rd7+ Ke8 76. Ra7 Kd8 77. Kf6 Rc1 78. e6 Rc6 79. Ra8+ Kc7 80. Rc8+ Kxc8 81. Ne7+ Kd8 82. Nxc6+ Ke8 83. e7 1-0

[Event "Barbera del Valles op 40th"]
[Site "Barbera del Valles"]
[Date "2017.07.07"]
[Round "4"]
[White "Lopez Pajuelo, Sergi"]
[Black "Rojano Cano, Francisco Jose"]
[Result "0-1"]
[WhiteElo "1947"]
[BlackElo "2071"]
[PlyCount "134"]
[EventDate "2017.07.04"]
[EventType "swiss"]
[EventRounds "9"]
[EventCountry "ESP"]
[SourceTitle "EXT 2018"]
[Source "ChessBase"]
[SourceDate "2017.10.13"]
[SourceVersion "1"]
[SourceVersionDate "2017.10.13"]
[SourceQuality "1"]

1. d4 Nf6 2. c4 e6 3. Nf3 b6 4. g3 Bb4+ 5. Bd2 Qe7 6. Bg2 Bb7 7. 0-0 Bxd2 8. Qxd2 0-0 9. Nc3 d6 10. d5 c5 11. Nh4 exd5 12. cxd5 Qd7 13. e4 b5 14. Nf5 b4 15. Qg5 Ne8 16. Ne2 f6 17. Qd2 g6 18. Nh6+ Kh8 19. Nf4 Ng7 20. Bh3 Qe7 21. Ne6 Bc8 22. Rfd1 Re8 23. Bg2 a5 24. f4 Ra6 25. f5 Ra7 26. Qf4 g5 27. Qg4 Nd7 28. h4 Ne5 29. Qh3 g4 30. Nxg4 Nxg4 31. Qxg4 Rg8 32. Nxg7 Rxg7 33. Qf4 Ba6 34. Bf1 Bxf1 35. Rxf1 Ra8 36. Rf3 Rag8 37. Re1 Rg4 38. Qe3 Qe5 39. Kf2 Qxb2+ 40. Re2 Qe5 41. Qd3 c4 42. Qe3 a4 43. Re1 c3 44. Rb1 Rxe4 45. Qh6 Qd4+ 46. Kf1 c2 47. Rc1 Reg4 48. Kg2 Rxh4 49. Qe3 Qxe3 50. Rxe3 Rc4 51. Re7 h6 52. Rb7 Rg7 53. Rb6 Re7 54. Kf3 Rc3+ 55. Kf2 b3 56. axb3 axb3 57. Kg2 h5 58. Kh3 Kg7 59. Kh4 Kh6 60. Rb8 Re4+ 61. Kh3 Kg5 62. Kg2 Rd4 63. Rg8+ Kxf5 64. Rf1+ Ke4 65. Re8+ Kd3 66. Rf3+ Kd2 67. Rf2+ Kc1 0-1

[Event "Llinars del Valles op 11th"]
[Site "Llinars del Valles"]
[Date "2017.06.03"]
[Round "7"]
[White "Ayats Llobera, Gerard"]
[Black "Lopez Pajuelo, Sergi"]
[Result "1-0"]
[WhiteElo "2246"]
[BlackElo "1964"]
[PlyCount "61"]
[EventDate "2017.04.22"]
[EventType "swiss"]
[EventRounds "9"]
[EventCountry "CAT"]
[SourceTitle "EXT 2018"]
[Source "ChessBase"]
[SourceDate "2017.10.13"]
[SourceVersion "1"]
[SourceVersionDate "2017.10.13"]
[SourceQuality "1"]

1. e4 e6 2. d4 d5 3. Nd2 Nf6 4. e5 Nfd7 5. Bd3 c5 6. c3 b6 7. Ne2 Ba6 8. Bxa6 Nxa6 9. Nf4 cxd4 10. cxd4 Be7 11. Qg4 g6 12. a3 Rc8 13. h4 h5 14. Qe2 Nab8 15. Qd3 Qc7 16. 0-0 Qc2 17. Qg3 Nc6 18. Nf3 Na5 19. Ne1 Qe4 20. Be3 Nb3 21. Rd1 Rc4 22. Nf3 Rc2 23. Nd3 Nb8 24. Nc1 Rxb2 25. Nxb3 Rxb3 26. Nd2 Rxe3 27. fxe3 Qxh4 28. Qxh4 Bxh4 29. Rc1 Kd7 30. Rxf7+ Kd8 31. Rfc7 1-0

[Event "Llinars del Valles op 11th"]
[Site "Llinars del Valles"]
[Date "2017.05.13"]
[Round "4"]
[White "Lopez Pajuelo, Sergi"]
[Black "Blesa Puig, Pau"]
[Result "1-0"]
[WhiteElo "1964"]
[BlackElo "1629"]
[PlyCount "47"]
[EventDate "2017.04.22"]
[EventType "swiss"]
[EventRounds "9"]
[EventCountry "CAT"]
[SourceTitle "EXT 2018"]
[Source "ChessBase"]
[SourceDate "2017.10.13"]
[SourceVersion "1"]
[SourceVersionDate "2017.10.13"]
[SourceQuality "1"]

1. d4 c5 2. d5 e5 3. c4 d6 4. Nc3 g6 5. Nf3 Bg7 6. e4 Ne7 7. Be3 0-0 8. Qd2 Re8 9. Bh6 Bh8 10. h4 f5 11. h5 f4 12. g3 Bg4 13. Ng5 fxg3 14. fxg3 Bg7 15. Bxg7 Kxg7 16. Bh3 Bxh3 17. Rxh3 Ng8 18. hxg6 h6 19. Nf7 Qd7 20. Rxh6 Nxh6 21. Qxh6+ Kf6 22. Ng5 Qd8 23. g7+ Ke7 24. Qe6# 1-0

[Event "Llinars del Valles op 11th"]
[Site "Llinars del Valles"]
[Date "2017.04.29"]
[Round "2"]
[White "Cadierno Garcia, Pau"]
[Black "Lopez Pajuelo, Sergi"]
[Result "1/2-1/2"]
[WhiteElo "1695"]
[BlackElo "1964"]
[PlyCount "110"]
[EventDate "2017.04.22"]
[EventType "swiss"]
[EventRounds "9"]
[EventCountry "CAT"]
[SourceTitle "EXT 2018"]
[Source "ChessBase"]
[SourceDate "2017.10.13"]
[SourceVersion "1"]
[SourceVersionDate "2017.10.13"]
[SourceQuality "1"]

1. d4 Nf6 2. c4 g6 3. Nc3 Bg7 4. e4 d6 5. h3 0-0 6. Nf3 e5 7. d5 a5 8. Be3 Na6 9. Nd2 Nd7 10. g4 Nac5 11. Nb3 b6 12. Nxc5 Nxc5 13. Be2 Bd7 14. g5 c6 15. h4 cxd5 16. Qxd5 Be6 17. Qd2 Qd7 18. Bxc5 bxc5 19. 0-0-0 Rfd8 20. h5 Qb7 21. hxg6 hxg6 22. Nd5 Bxd5 23. Qxd5 Qxd5 24. Rxd5 Bf8 25. Rd3 Be7 26. Rg1 Kg7 27. Rb3 Ra7 28. Kd2 Rh8 29. Ke3 Rh3+ 30. Bf3 Rh8 31. Rb5 Rc8 32. a4 Rcc7 33. Be2 Rab7 34. Kf3 Rxb5 35. axb5 Ra7 36. Rg3 Bd8 37. Kg4 Bb6 38. Rd3 Rd7 39. Bd1 Kf8 40. Rh3 Kg7 41. Rd3 Rd8 42. Rh3 Bc7 43. Ba4 Rf8 44. Rf3 Rh8 45. Rh3 Rf8 46. Rf3 Bd8 47. Rh3 f5+ 48. gxf6+ Rxf6 49. Rf3 Re6 50. Bd1 g5 51. Be2 Rh6 52. Rh3 Rf6 53. Rf3 Rh6 54. Rh3 Rg6 55. Bd1 Rf6 1/2-1/2

[Event "Roncana op-A 10th"]
[Site "Santa Eulalia de Roncana"]
[Date "2016.10.22"]
[Round "5"]
[White "Delgado Prada, Yeray"]
[Black "Lopez Pajuelo, Sergi"]
[Result "1-0"]
[WhiteElo "1759"]
[BlackElo "1885"]
[PlyCount "85"]
[EventDate "2016.09.24"]
[EventType "swiss"]
[EventRounds "8"]
[EventCountry "ESP"]
[SourceTitle "EXT 2018"]
[Source "ChessBase"]
[SourceDate "2017.10.13"]
[SourceVersion "1"]
[SourceVersionDate "2017.10.13"]
[SourceQuality "1"]

1. e4 e6 2. Qe2 Nc6 3. c3 e5 4. g3 Be7 5. Bg2 Nf6 6. d3 d5 7. exd5 Nxd5 8. a3 0-0 9. Nf3 Nf6 10. 0-0 Bg4 11. h3 Bh5 12. g4 Bg6 13. Nxe5 Nxe5 14. Qxe5 Bd6 15. Qd4 c5 16. Qa4 Bxd3 17. Rd1 c4 18. Bg5 h6 19. Bxf6 Qxf6 20. Nd2 Qf4 21. Nf3 Bc5 22. b4 Bb6 23. Re1 Be4 24. Nd4 Bxg2 25. Kxg2 Bc7 26. Rh1 Qe4+ 27. Nf3 f5 28. Rhe1 Qf4 29. Qd7 Rad8 30. Qe6+ Kh8 31. Rad1 Rxd1 32. Rxd1 Rf6 33. Qe8+ Kh7 34. Rd4 Qc1 35. Rxc4 fxg4 36. hxg4 Bd6 37. Qe4+ Kh8 38. Rc8+ Bf8 39. Ne5 Qg5 40. Nd7 Rxf2+ 41. Kxf2 Qd2+ 42. Kg3 Qd6+ 43. Kh3 1-0

[Event "Roncana op-A 10th"]
[Site "Santa Eulalia de Roncana"]
[Date "2016.10.15"]
[Round "4"]
[White "Lopez Pajuelo, Sergi"]
[Black "Rojas Keim, Luis Alberto"]
[Result "0-1"]
[WhiteElo "1885"]
[BlackElo "2350"]
[PlyCount "64"]
[EventDate "2016.09.24"]
[EventType "swiss"]
[EventRounds "8"]
[EventCountry "ESP"]
[SourceTitle "EXT 2018"]
[Source "ChessBase"]
[SourceDate "2017.10.13"]
[SourceVersion "1"]
[SourceVersionDate "2017.10.13"]
[SourceQuality "1"]

1. d4 Nf6 2. c4 e6 3. Nf3 c5 4. d5 d6 5. Nc3 exd5 6. cxd5 g6 7. e4 a6 8. a4 Bg4 9. Be2 Bxf3 10. Bxf3 Bg7 11. 0-0 0-0 12. Be2 Re8 13. Bd3 Nbd7 14. Re1 h5 15. Bg5 Qb6 16. Qc2 Ne5 17. a5 Qc7 18. f4 Nxd3 19. Qxd3 Ng4 20. Bh4 Bd4+ 21. Kh1 Bf2 22. Bg3 Bxe1 23. Rxe1 Qxa5 24. h3 Nh6 25. f5 Qd8 26. Bf4 Nxf5 27. exf5 Rxe1+ 28. Kh2 Qf6 29. Bg3 Rae8 30. Bxe1 Rxe1 31. fxg6 Qf4+ 32. Qg3 Rh1+ 0-1

[Event "Roncana op-A 9th"]
[Site "Santa Eulalia de Roncana"]
[Date "2015.12.05"]
[Round "8"]
[White "Turon Mora, Joan"]
[Black "Lopez Pajuelo, Sergi"]
[Result "0-1"]
[WhiteElo "2070"]
[BlackElo "2086"]
[PlyCount "62"]
[EventDate "2015.10.03"]
[EventType "swiss"]
[EventRounds "8"]
[EventCountry "ESP"]
[SourceTitle "EXT 2017"]
[Source "ChessBase"]
[SourceDate "2016.10.25"]
[SourceVersion "1"]
[SourceVersionDate "2016.10.25"]
[SourceQuality "1"]

1. d4 d5 2. c4 e5 3. dxe5 d4 4. Nf3 Nc6 5. g3 Be6 6. Nbd2 Qd7 7. Bg2 Nge7 8. 0-0 Bh3 9. e6 Bxe6 10. a3 0-0-0 11. b4 Ng6 12. Bb2 Bh3 13. b5 Nce5 14. Bxd4 Nxf3+ 15. Nxf3 Bxg2 16. Kxg2 Qg4 17. e3 Bc5 18. Qc1 Bxd4 19. exd4 Rhe8 20. Qg5 Qxg5 21. Nxg5 Rxd4 22. Nxf7 h6 23. Rfe1 Rde4 24. Rxe4 Rxe4 25. Rd1 Re8 26. f4 Rf8 27. Ne5 Nxe5 28. fxe5 Re8 29. Rd5 c6 30. Rc5 Kc7 31. Kf3 Kb6 0-1

[Event "Roncana op-A 9th"]
[Site "Santa Eulalia de Roncana"]
[Date "2015.11.21"]
[Round "7"]
[White "Lopez Pajuelo, Sergi"]
[Black "Roquet Estrada, Albert"]
[Result "1-0"]
[WhiteElo "2086"]
[BlackElo "1948"]
[PlyCount "71"]
[EventDate "2015.10.03"]
[EventType "swiss"]
[EventRounds "8"]
[EventCountry "ESP"]
[SourceTitle "EXT 2017"]
[Source "ChessBase"]
[SourceDate "2016.10.25"]
[SourceVersion "1"]
[SourceVersionDate "2016.10.25"]
[SourceQuality "1"]

1. d4 Nf6 2. c4 e6 3. Nf3 d5 4. g3 Bb4+ 5. Bd2 Bxd2+ 6. Qxd2 Ne4 7. Qc2 0-0 8. Bg2 c5 9. dxc5 Qa5+ 10. Nfd2 Nxd2 11. Nxd2 Qxc5 12. Rc1 dxc4 13. Qxc4 Qxc4 14. Nxc4 Nd7 15. Nd6 Rb8 16. Rc7 Nf6 17. 0-0 Nd5 18. Bxd5 exd5 19. Rfc1 Be6 20. Nxb7 d4 21. b3 Bd5 22. Nd6 Rfd8 23. Nf5 Bb7 24. Ne7+ Kf8 25. Nc6 Bxc6 26. R1xc6 Rb6 27. Rxb6 axb6 28. Rc6 Ra8 29. a4 Re8 30. Kf1 Re6 31. Rxe6 fxe6 32. Ke1 Ke7 33. Kd2 Kd6 34. b4 e5 35. Kd3 Kd5 36. f3 1-0

[Event "Roncana op-A 9th"]
[Site "Santa Eulalia de Roncana"]
[Date "2015.11.07"]
[Round "5"]
[White "Jordan Garcia, Jose Maria"]
[Black "Lopez Pajuelo, Sergi"]
[Result "1/2-1/2"]
[WhiteElo "2014"]
[BlackElo "2086"]
[PlyCount "59"]
[EventDate "2015.10.03"]
[EventType "swiss"]
[EventRounds "8"]
[EventCountry "ESP"]
[SourceTitle "EXT 2017"]
[Source "ChessBase"]
[SourceDate "2016.10.25"]
[SourceVersion "1"]
[SourceVersionDate "2016.10.25"]
[SourceQuality "1"]

1. e4 e6 2. d4 d5 3. Nd2 Nf6 4. e5 Nfd7 5. Bd3 c5 6. c3 Nc6 7. Ngf3 cxd4 8. cxd4 f6 9. exf6 Nxf6 10. 0-0 Bd6 11. Nb3 0-0 12. a3 Qc7 13. h3 Bd7 14. Be3 Rac8 15. Rc1 Qb8 16. Bb1 Ne7 17. Bg5 Rxc1 18. Nxc1 Ne4 19. Bxe4 dxe4 20. Ne5 Bxe5 21. dxe5 Nd5 22. Qd4 Rf5 23. Bd2 Qxe5 24. Qxe5 Rxe5 25. Re1 Bc6 26. Nd3 Rf5 27. Rxe4 Nb6 28. Re5 Nc4 29. Rxf5 exf5 30. Bc3 1/2-1/2

[Event "Roncana op-A 9th"]
[Site "Santa Eulalia de Roncana"]
[Date "2015.10.31"]
[Round "4"]
[White "Lopez Pajuelo, Sergi"]
[Black "Garcia Escoda, Marc"]
[Result "1-0"]
[WhiteElo "2086"]
[BlackElo "1986"]
[PlyCount "53"]
[EventDate "2015.10.03"]
[EventType "swiss"]
[EventRounds "8"]
[EventCountry "ESP"]
[SourceTitle "EXT 2017"]
[Source "ChessBase"]
[SourceDate "2016.10.25"]
[SourceVersion "1"]
[SourceVersionDate "2016.10.25"]
[SourceQuality "1"]

1. d4 Nf6 2. c4 e6 3. Nf3 b6 4. g3 Ba6 5. b3 Bb4+ 6. Bd2 Be7 7. Bg2 c6 8. 0-0 d5 9. Qc2 Nbd7 10. Ne5 Rc8 11. f4 0-0 12. Nc3 Nxe5 13. fxe5 Nd7 14. Nd1 dxc4 15. bxc4 c5 16. Qa4 Nb8 17. d5 exd5 18. cxd5 Bxe2 19. Re1 Bxd1 20. Raxd1 Qd7 21. Qxd7 Nxd7 22. d6 Rfe8 23. dxe7 Rxe7 24. Bh3 Rc7 25. Bf4 Nf8 26. Rd8 f6 27. e6 1-0

[Event "Llinars del Valles op-A 9th"]
[Site "Llinars del Valles"]
[Date "2015.06.13"]
[Round "9"]
[White "Lopez Pajuelo, Sergi"]
[Black "Ferres Saez, Joan"]
[Result "1-0"]
[WhiteElo "1611"]
[BlackElo "1772"]
[PlyCount "67"]
[EventDate "2015.04.11"]
[EventType "swiss"]
[EventRounds "9"]
[EventCountry "ESP"]
[SourceTitle "EXT 2018"]
[Source "ChessBase"]
[SourceDate "2017.10.13"]
[SourceVersion "1"]
[SourceVersionDate "2017.10.13"]
[SourceQuality "1"]

1. d4 Nf6 2. c4 g6 3. Nc3 d5 4. Bf4 Bg7 5. Nf3 0-0 6. e3 c5 7. dxc5 Qa5 8. Rc1 dxc4 9. Bxc4 Qxc5 10. Qd4 Qa5 11. Qe5 Qxe5 12. Nxe5 Nh5 13. Nd5 Nxf4 14. Nxe7+ Kh8 15. exf4 Be6 16. Bxe6 fxe6 17. Rc8 Bh6 18. N5xg6+ hxg6 19. Nxg6+ Kg8 20. Nxf8 Bxf8 21. 0-0 Kf7 22. Rd1 Be7 23. g4 a5 24. h4 Bxh4 25. g5 a4 26. Rdd8 a3 27. b3 Ra5 28. Rxb8 Rc5 29. Rh8 Bxf2+ 30. Kxf2 Rc2+ 31. Kg3 Rxa2 32. Rxb7+ Kg6 33. Rh6+ Kf5 34. Rb4 1-0

[Event "Llinars del Valles op-A 9th"]
[Site "Llinars del Valles"]
[Date "2015.05.02"]
[Round "4"]
[White "Vilalta Vidal, Javier"]
[Black "Lopez Pajuelo, Sergi"]
[Result "1/2-1/2"]
[WhiteElo "2009"]
[BlackElo "1611"]
[PlyCount "56"]
[EventDate "2015.04.11"]
[EventType "swiss"]
[EventRounds "9"]
[EventCountry "ESP"]
[SourceTitle "EXT 2016"]
[Source "ChessBase"]
[SourceDate "2015.10.08"]
[SourceVersion "1"]
[SourceVersionDate "2015.10.08"]
[SourceQuality "1"]

1. e4 e6 2. d4 d5 3. Nc3 Nf6 4. e5 Nfd7 5. f4 c5 6. Nf3 Nc6 7. Be3 Be7 8. Qd2 a6 9. dxc5 Nxc5 10. 0-0-0 b5 11. Kb1 b4 12. Ne2 Ne4 13. Qe1 Rb8 14. Nd2 Nc5 15. Qf2 Na4 16. Nb3 Na5 17. Ned4 Bd7 18. Nxa5 Qxa5 19. Nb3 Qc7 20. g4 Nb6 21. Bc5 Nc4 22. Bxe7 Kxe7 23. Bd3 a5 24. Qc5+ Qxc5 25. Nxc5 Rhc8 26. Bxc4 Rxc5 27. Bd3 g6 28. h4 Bb5 1/2-1/2